Movies Quiz

Random Movies or Letter Quiz
Score 0/25 Timer 08:00
0 Plays Today
% Correct
Black Swan
95.6%
Braveheart
93.8%
Brokeback Mountain
92.3%
Black Panther
91.8%
Bridesmaids
88.6%
Brave
88.5%
Bad Santa
87.6%
The Bourne Identity
84.1%
The Blind Side
82.6%
Beauty and the Beast
78.9%
A Beautiful Mind
78%
The Big Lebowski
76.1%
The Bucket List
75.5%
% Correct
Blood Diamond
73.4%
Boyhood
62.7%
The Beach
57.1%
Bombshell
53%
The BFG
47.5%
Burn After Reading
47%
Boogie Nights
43.9%
Being John Malkovich
41.8%
Black Mass
36.7%
Before Sunset
30.5%
Blue Jasmine
25.2%
Broken Arrow
22.2%
Remove Ads.
Support Sporcle.
Get the best of Sporcle when you Go Orange. This ad-free experience offers more features, more stats, and more fun while also helping to support Sporcle. Thank you for becoming a member.

You're not logged in!

Compare scores with friends on all Sporcle quizzes.
OR
Log In

Sporcle TV

Today on Sporcle TV


Watch our educational content, quiz creation guides, and fun videos on Sporcle TV.

Show Comments

Extras

Top Quizzes Today


Score Distribution

Paid Content

Your Account Isn't Verified!

In order to create a playlist on Sporcle, you need to verify the email address you used during registration. Go to your Sporcle Settings to finish the process.

Report this User

Report this user for behavior that violates our Community Guidelines.

Details: